Európske vlajky - Slovenský kvíz - Statistics

General Stats
  • This quiz has been taken 78 times
  • The average score is 36 of 45
Answer Stats
Picture Answer % Correct
Spojené kráľovstvo
100%
Nemecko
98%
Španielsko
96%
Portugalsko
94%
Švédsko
93%
Fínsko
91%
Grécko
91%
Nórsko
89%
Česko
87%
Francúzsko
87%
Slovensko
87%
Taliansko
87%
Chorvátsko
85%
Ukrajina
85%
Albánsko
83%
Dánsko
83%
Poľsko
83%
Rusko
83%
Slovinsko
83%
Maďarsko
81%
Bosna a Hercegovina
80%
Estónsko
80%
Írsko
80%
Rakúsko
80%
Vatikán
80%
Srbsko
78%
Švajčiarsko
78%
Belgicko
76%
Holandsko
76%
Island
76%
Lotyšsko
76%
Rumunsko
76%
San Maríno
76%
Litva
74%
Monako
74%
Malta
72%
Bielorusko
70%
Bulharsko
70%
Kosovo
70%
Luxembursko
69%
Severné Macedónsko
69%
Andorra
65%
Čierna Hora
63%
Lichtenštajnsko
61%
Moldavsko
61%
No matching quizzes found
Score Distribution
Percent of People with Each Score
Percentile by Number Answered
Your Score History
You have not taken this quiz